Quartiers de Paris sur une carte - Statistiques

Statistiques générales
  • Ce quiz a été pris 7 857 fois
  • Le résultat moyen est 17 sur 80
Réponses sur la Carte
Les réponses sont colorées sur une échelle allant du rouge au vert en fonction du pourcentage des utilisateurs qui les ont devinées à leur premier essai. Vous pouvez retrouver ces pourcentages ci-dessous.
 
Statistiques - réponses
Arrondissement # Quartier % Correct
9 35 Faubourg-Montmartre
63%
14 53 Montparnasse
50%
20 77 Belleville
45%
8 29 Champs-Élysées
43%
16 61 Auteuil
41%
12 47 Bercy
40%
1 2 Halles
38%
17 67 Batignolles
37%
19 73 Villette
37%
13 50 Gare
36%
7 26 Invalides
35%
4 16 Notre-Dame
34%
18 72 Chapelle
33%
20 79 Père-Lachaise
31%
6 24 Saint-Germain-des-Prés
31%
18 70 Clignancourt
29%
18 71 Goutte-d'Or
29%
6 22 Odéon
29%
5 20 Sorbonne
29%
15 59 Grenelle
26%
15 60 Javel
26%
17 65 Ternes
25%
8 31 Madeleine
24%
1 3 Palais-Royal
24%
14 54 Parc-de-Montsouris
24%
12 46 Picpus
24%
20 80 Charonne
22%
16 62 Muette
22%
1 4 Place-Vendôme
22%
7 28 Gros-Caillou
21%
12 45 Bel-Air
20%
8 32 Europe
20%
5 18 Jardin-des-Plantes
19%
7 27 École-Militaire
18%
4 15 Arsenal
17%
3 9 Arts-et-Métiers
17%
17 68 Épinettes
17%
15 58 Necker
17%
14 55 Petit-Montrouge
17%
14 56 Plaisance
17%
16 63 Porte-Dauphine
17%
1 1 Saint-Germain-l'Auxerrois
17%
19 75 Amérique
16%
16 64 Chaillot
16%
2 7 Mail
16%
13 51 Maison-Blanche
16%
12 48 Quinze-Vingts
16%
9 36 Rochechouart
16%
13 49 Salpêtrière
16%
2 8 Bonne-Nouvelle
15%
3 10 Enfants-Rouges
15%
6 21 Monnaie
15%
6 23 Notre-Dame-des-Champs
15%
9 33 Saint-Georges
15%
3 11 Archives
14%
19 76 Combat
14%
18 69 Grandes-Carrières
14%
17 66 Plaine-de-Monceaux
14%
10 38 Porte-Saint-Denis
14%
10 39 Porte-Saint-Martin
14%
11 43 Roquette
14%
11 42 Saint-Ambroise
14%
20 78 Saint-Fargeau
14%
15 57 Saint-Lambert
14%
5 19 Val-de-Grâce
14%
2 6 Vivienne
14%
13 52 Croulebarbe
13%
11 41 Folie-Méricourt
13%
10 40 Hôpital-Saint-Louis
13%
4 13 Saint-Merri
13%
5 17 Saint-Victor
13%
9 34 Chaussée-d'Antin
12%
8 30 Faubourg-du-Roule
12%
19 74 Pont-de-Flandre
12%
4 14 Saint-Gervais
12%
7 25 Saint-Thomas-d'Aquin
12%
10 37 Saint-Vincent-de-Paul
12%
11 44 Sainte-Marguerite
11%
2 5 Gaillon
10%
3 12 Sainte-Avoye
10%
Aucun quiz correspondant
Distribution des résultats
% des personnes avec chaque résultat
Percentile par nombre de réponses
Votre historique - résultats
Vous n’avez pas pris ce quiz